000 00340nam a22001457a 4500
008 210531b ||||| |||| 00| 0 eng d
020 _a2900321841079
041 _aeng
080 _a521
082 _a521
100 _a42
101 _aAST
245 _aThe Cosmic Perspective Stars, Galaxies & Cosmology
_cBennett,J
942 _2udc
_cBK
999 _c57868
_d57868